000 00647nam a2200217Ii 4500
003 JO-AjNU
008 230605s9999||||xx |||||||||||||| ||und||
017 _a2004/12/2894
040 _aJO-AjNU
_bara
_erda
_cJO-AjNU
041 _aara
050 1 4 _aPJ7852.A77.A91 2006
100 3 _aتأليف نصير، مهدي,
_eauthor
_948916
245 0 0 _aأساطير: شعر
250 _aط1
264 3 1 _aعمان:أمانة عمان،2006
300 _a199ص
336 _atext
_btxt
_2rdacontent
337 _aunmediated
_bn
_2rdamedia
338 _avolume
_bnc
_2rdacarrier
650 4 _aالشعر العربي - العصر الحديث
_948917
999 _aA21453
_c25021
_d25021